Incollables sur Desperate Housewives (difficile) - Statistiques

Statistiques générales
  • Ce quiz a été pris 497 fois
  • Le résultat moyen est 13 sur 29
Statistiques - réponses
Hint Réponse % Correct
Quel est le métier de Karl Mayer ? Avocat
90%
Quel est le métier de George Williams ? Pharmacien
79%
Où partent vivre Ana et Dany ? New-York
76%
De quelle origine est la femme que Preston a failli épousé ? Russe
74%
Qui renverse Juanita Solis avec sa voiture ? Andrew Van De Kamp
69%
Avec qui Nick Bolen a-t-il une liaison dans la saison 6 ? Julie Mayer
69%
Qui provoque l'incendie de la maison d'Eddie accidentellement ? Susan Mayer
68%
Comment est morte Beth Young ? Suicide
67%
Quelle femme de la série apprend que son mari a un enfant caché qui est désormais adulte ? Bree
65%
Quel était le prénom de Zach avant de se faire adopter par Mary-Alice et Paul Young ? Dana
60%
Quel était le métier de Mary-Alice avant de déménager à Wisteria Lane ? Infirmière
60%
Quel est le vrai prénom de Mary-Alice Young avant de changer d'identité ? Angela
52%
Qui offre son rein à Susan ? Beth Young
50%
Comment s'appelle la mère de Gabrielle Solis ? Lucia Marquez
50%
Comment s'appelle le restaurant de Lynette et Tom ? Pizzeria Scavo / Scavo's
50%
Quel est le nom de jeune fille de Gabrielle ? Marquez
49%
Qui tire sur Paul Young dans la saison 7 ? Zach / Zachary
49%
Quelle addiction Lynette développe-t-elle dans la saison 1 Les médicaments
37%
Comment s'appelait le chien de Mike ? Bongo
34%
Comment s'appelle la mère adoptive de Grace ? Carmen
26%
Quel est le prénom de la femme décédée de Dave Williams dont il veut venger la mort ? Lila
22%
Quel est l'objet que Karl offre à Bree, qu'il avait précédemment offert à Susan ? Une broche
18%
Comment s'appelle l'homme à tout faire de la rue ? Eli Scrugs
13%
Quel est le nom de jeune fille de Bree ? Mason
11%
Comment s'appelle l'amie imaginaire de Parker lorsqu'il est petit ? Madame Mulberry / Mrs Mulberry
10%
Comment s'appelait le psychologue de Bree ? Docteur Goldfine
9%
De quelle ville sont originaires les familles de Gabrielle et Carlos Solis ? Guadalajara
7%
Comment s'appelait le premier amour de Mike, décédé ? Deirdre Taylor
6%
Quel est le motif officiel de la mort de Rex Van de Kamp ? Une crise cardiaque
2%
Aucun quiz correspondant
Distribution des résultats
% des personnes avec chaque résultat
Percentile par nombre de réponses
Votre historique - résultats
Vous n’avez pas pris ce quiz